| 000 | 01145nmc a2200397 a 4500 | ||
|---|---|---|---|
| 003 | AR-BaBNM | ||
| 005 | 20251128205535.0 | ||
| 008 | 011101s1997 ||||||||||||||000 | spa|| | ||
| 020 | _a950-701-392-X | ||
| 040 | _cAR-BaBNM | ||
| 245 | 1 | 0 |
_aPero algunos quedarán _blos adolescentes que repiten : un desafío para todos |
| 250 | _a1ª ed. | ||
| 260 |
_aBuenos Aires _bAique _c1997 |
||
| 300 | 0 |
_a112 p. _bdiagr., il. |
|
| 490 | 0 | _aTransversal | |
| 504 | _aBibliografía: p. 109-112 | ||
| 650 | 4 | _aPROCESO DE APRENDIZAJE | |
| 650 | 4 | _aADOLESCENCIA | |
| 650 | 4 | _aRENDIMIENTO DEL ALUMNO | |
| 650 | 4 | _aREPETICION | |
| 653 | _aEDUCACION SECUNDARIA | ||
| 653 | _aORIENTACION EDUCATIVA | ||
| 653 | _aEXPERIENCIAS EDUCATIVAS | ||
| 653 | _aFRACASO ESCOLAR | ||
| 700 | 1 | _aKremenchutzky, Silvia | |
| 700 | 1 | _aBroitman, Rosalía | |
| 700 | 1 | _aBudzynski, Gabriela | |
| 700 | 1 | _aMacharashvili, Tamara | |
| 700 | 1 | _aOlbrich, Mónica | |
| 700 | 1 | _aPomes, Ana Lía | |
| 700 | 1 | _aTronfi, María Laura | |
| 700 | 1 |
_aBogomolny, María Inés _ecolaborador |
|
| 700 | 1 |
_aMenin, Ovide _eprologuista |
|
| 942 | _cBK | ||
| 998 | _cSILVI | ||
| 999 |
_c11805 _d11805 |
||